|
|
|
|
| LEADER |
00000nam a22000007a 4500 |
| 005 |
2017092204284.0 |
| 007 |
cr|||| |||| |
| 008 |
170922s2008 mx |||||s||||f00||0 spa d |
| 035 |
|
|
|a 20568
|
| 040 |
|
|
|a vLex
|
| 090 |
|
|
|c 6989
|d 6989
|
| 100 |
1 |
|
|a Valero Flores, Carlos Norberto
|
| 245 |
1 |
2 |
|a El municipio libre en el marco del federalismo mexicano
|h [Recurso electrn̤ico] :
|b Derechos y obligaciones /
|c Carlos Norberto Valero Flores
|
| 256 |
|
|
|a Servicio en ln̕ea
|
| 260 |
|
|
|a Ciudad de Mx̌ico:
|b Cm̀ara de Diputados,
|c 2008
|
| 300 |
|
|
|a 1 recurso electrn̤ico (112 p.)
|
| 506 |
1 |
|
|a Disponible solo en los productos indicados
|d vLex Global
|d vLex Global (Academic Edition, excluding Law Schools)
|d vLex Global (U.S. Academic Edition, Law Schools)
|d vLex Global (U.S. Academic Edition, excluding Law Schools)
|d vLex Global (Academic Edition, Law Schools)
|
| 650 |
0 |
4 |
|a Derecho Pb︢lico y Administrativo
|z Mx̌ico
|
| 740 |
0 |
|
|a vLex Libros (Servicio en ln̕ea)
|
| 856 |
4 |
0 |
|u http://vlex.com/source/municipio-libre-marco-federalismo-mexicano-derechos-obligaciones-20568
|z Acceso restringido
|
| 942 |
|
|
|c BOOK
|
| 999 |
0 |
|
|a Public and Administrative Law
|